| Поле | Инд. | ПП | Название | Значение |
|---|---|---|---|---|
| Тип записи | a | |||
| Библиографический уровень | m | |||
| 001 | Контрольный номер | 76a2018650df4110b230a088f4a8d763 | ||
| 005 | Дата корректировки | 20260525162556.4 | ||
| 040 | a | Служба первич. каталог. | 10013504 | |
| b | Код языка каталог. | rus | ||
| e | Правила каталог. | PSBO | ||
| 041 | 0_ | a | Код языка текста | rus |
| 090 | a | Полочн. индекс | Дис. | |
| x | Авторский знак | Э 19 | ||
| r | Идентификатор организации | 10013504 | ||
| 100 | 1_ | a | Автор | Эдельман А.С. |
| 245 | 10 | a | Заглавие | Исследование процесса истечения алюминиевых сплавов в связи с образованием прессутяжины |
| b | Продолж. заглавия | диссертация ... кандидата технических наук | ||
| c | Ответственность | науч. рук. Г.Г. Музалевский, С.Н. Тарантов ; МАТИ | ||
| 260 | a | Место издания | Москва | |
| c | Дата издания | 1950 | ||
| 300 | a | Объем | 213 с. | |
| b | Иллюстрации/ тип воспроизводства | ил. | ||
| 504 | a | Библиография | Библиогр.: с. 211-213 (33 назв.) | |
| 653 | 0_ | a | Ключевые слова | ДИССЕРТАЦИИ; АВТОР МАТИ; ИСТЕЧЕНИЕ СПЛАВОВ; АЛЮМИНИЕВЫЕ СПЛАВЫ; ПРЕССУТЯЖИНА |
| 700 | 12 | a | Другие авторы | Музалевский Г.Г. |
| q | Полное имя | Музалевский Георгий Григорьевич | ||
| e | Роль лиц | Научный руководитель | ||
| 700 | 12 | a | Другие авторы | Тарантов С.Н. |
| q | Полное имя | Тарантов С.Н. | ||
| e | Роль лиц | Научный консультант | ||
| 901 | t | Тип документа | d | |
| 952 | a | Тип литературы для КСУ ВШ | КДНР | |
| c | Вид литературы | диссертация |